000
00336pab a2200145 454500
008
180718b1987 xxu||||| |||| 00| 0 eng d
100
_a
Fesler, James W.
245
_a
Reflections of a civil servant
260
_c
1987
300
_a
3-5
362
_a
Summer
650
_a
Civil Service - U.S.A.
773
_a
Bureaucrat
909
_a
5854
999
_c
5854
_d
5854